| 000 | 01850cam a2200385 a 4500 | ||
|---|---|---|---|
| 999 |
_c232936 _d232936 |
||
| 001 | 14405674 | ||
| 003 | Nust | ||
| 005 | 20170227101447.0 | ||
| 008 | 060608s2006 ii b 001 0 eng | ||
| 010 | _a 2006018944 | ||
| 020 | _a0761935053 (paper back) | ||
| 020 | _a8178296608 (India : pb) | ||
| 020 |
_a9780761935056 _c(pb) |
||
| 020 |
_a9788178296609 _c(India : pb) |
||
| 035 | _a(OCoLC)ocm70122461 | ||
| 040 |
_aDLC _cDLC _dBAKER _dC#P _dYDXCP _dDLC |
||
| 043 | _ad------ | ||
| 050 | 0 | 0 |
_aHF1713 _b.B48 2006 |
| 082 | 0 | 0 |
_a382/.92 _222 |
| 100 | 1 | _aBhaumik, T. K. | |
| 245 | 1 | 4 |
_aThe WTO : _ba discordant orchestra / _cT.K. Bhaumik. |
| 260 |
_aNew Delhi ; _aThousand Oaks : _bSAGE Publications, _c2006. |
||
| 300 |
_a248 p. ; _c22 cm. |
||
| 504 | _aIncludes bibliographical references (p. [239]-240) and index. | ||
| 505 | 0 | _aIntroduction -- Birth of the prodigal: GATT, Uruguay round and the WTO -- Unhappiness of the South -- The millennium round: a flop show -- Between Seattle and Doha: putting Humpty Dumpty together again -- Doha negotiations: Phase I -- Doha negotiations: Phase II -- Epilogue. | |
| 610 | 2 | 0 | _aGeneral Agreement on Tariffs and Trade (Organization) |
| 610 | 2 | 0 | _aWorld Trade Organization. |
| 611 | 2 | 0 |
_aDoha Development Agenda _d(2001- ) |
| 650 | 0 | _aFree trade. | |
| 650 | 0 | _aForeign trade regulation. | |
| 650 | 0 |
_aFree trade _zDeveloping countries. |
|
| 856 | 4 | 2 |
_3Publisher description _uhttp://www.loc.gov/catdir/enhancements/fy0661/2006018944-d.html |
| 856 | 4 | 1 |
_3Table of contents only _uhttp://www.loc.gov/catdir/enhancements/fy0661/2006018944-t.html |
| 906 |
_a7 _bcbc _corignew _d1 _eecip _f20 _gy-gencatlg |
||
| 942 |
_2ddc _cBK |
||